Pictures for Language Learning /

Saved in:
Bibliographic Details
Main Author: Wright, Andrew (Author)
Format: Book
Language:English
Published: Cambridge : The University Press, 1996
Edition:2.Ed.
Subjects:
Tags: Add Tag
No Tags, Be the first to tag this record!

MARC

LEADER 00000nam a22000003a 4500
001 stu45962
005 20150617225715.3
008 971117s1996----uk------------------eng-d
020 |a 0-521-35800-0 
040 |a STU  |b slo 
041 0 |a eng 
044 |a uk 
080 |a 802.0(075) 
100 1 |a Wright, Andrew  |4 aut 
245 1 |a Pictures for Language Learning /  |c [aut.]Andrew Wright 
250 |a 2.Ed. 
260 |a Cambridge :  |b The University Press,  |c 1996 
300 |a 218 s 
650 7 |a angličtina  |2 stusub 
996 |b 284M056024  |c M*9653-1  |l MMKN  |s A  |a 24  |w stu45962_0001